000 00962nam a22001817a 4500
999 _c58835
_d58835
005 20221006111029.0
008 221006s2018 rus||||| |||| 00| 0 ru d
020 _a9785534054118
041 _aru
080 _a341.1(075.8) П-68
245 _aПраво международных организаций. Региональные, межрегиональные, субрегиональные межправительственные организации :
_bУчебник для бакалавриата и магистратуры /
_cПод ред. А. Х. Абашидзе, А.М. Солнцева.
264 _aМосква :
_bЮрайт,
_c2018.
300 _a331 стр. ;
_b24 см.
653 _aსაერთაშორისო ორგანიზაციები
700 _aАбашидзе, А. Х.
_eრედაქტორი
_915080
700 _aСолнцева, А.М.
_eრედაქტორი
_915081
942 _2udc
_cBK